00286nam a2200109Ia 4500008004100000041000800041082002600049100001800075245003100093260004400124300000800168230411s9999 xx 000 0 und d aeng aAD/610.733/THA/B03171 aThakkar Vimal aNursing and Administration bVora Medical PublicationsaMumbaic2003 a68p